000 01064nam a2200253Ia 4500
003 GCL
005 20240530110911.0
008 140319s1991 cy g b 000 0 ara d
040 _aGCL /
_cGCL
082 0 4 _a320.101/
_bم م
100 1 _aميتشل، تيموثى
245 1 0 _aمصر فى الخطاب الاميركى /
_cتاليف تيموثى ميتشل ؛ ترجمة بشير السباعى
260 _aقبرص :
_bمؤسسة عيبال للدراسات والنشر،
_c1991.
300 _a176 ص. ؛
_c19 سم.
504 _aيشتمل على ارجاعات ببليوجرافية
650 0 7 _aالسياسة الدولية
_2qrmak
650 0 7 _aالعلاقات الخارجية
_2qrmak
650 0 7 _aالعلوم السياسية
_2qrmak
650 0 7 _aالاحزاب السياسية
_2qrmak
651 0 7 _2qrmak
_aمصر
_xالاحوال السياسية
651 0 7 _2qrmak
_aمصر
_xالعلاقات الخارجية
_zالولايات المتحدة الامريكية
700 0 _aبشير السباعى
_eمترجم
942 _2ddc
_cBK
999 _c66310
_d66310